Computers in the environmental sciences

Uloženo v:
Podrobná bibliografie
Hlavní autor: Tarrant, John R
Další autoři: Tarrant, John Rex comp
Médium: Kniha
Jazyk:Undetermined
Vydáno: [Norwich, Eng.], [Geo Abstracts] 1973
Edice:Computers in the environmental sciences
Témata:
Tagy: Přidat tag
Žádné tagy, Buďte první, kdo vytvoří štítek k tomuto záznamu!

MARC

LEADER 00000nam a2200000Ia 4500
008 140114s9999 xx 000 0 und d
050 |a 628 T 
100 |a Tarrant, John R  |9 21145 
245 |a Computers in the environmental sciences 
260 |a [Norwich, Eng.], [Geo Abstracts]  |c 1973 
300 |a 158 páginas 
490 |a Computers in the environmental sciences 
650 |x INGENERIA AMBIENTAL  |x PROGRAMAS INFORMATICOS  |9 21146 
700 |a  Tarrant, John Rex  |c comp.  |9 21147 
942 |2 ddc  |c REF 
999 |c 14752  |d 14752